| 000 | 00508nam a22002177a 4500 | ||
|---|---|---|---|
| 003 | OSt | ||
| 005 | 20140310184347.0 | ||
| 008 | 121113t xxu||||| |||| 00| 0 eng d | ||
| 020 | _a9780590763714 | ||
| 050 |
_aPZ 7 _b.P743 1997 |
||
| 245 |
_aForgotten tales / _cEdgar Allan Poe |
||
| 260 |
_aNew York _bScholastic Inc. _c1997 |
||
| 300 |
_g17cm _a89 p. : |
||
| 521 | _aG12 | ||
| 526 | _c1250 | ||
| 562 | _e2 | ||
| 942 |
_2lcc _cBK-SCHOLAS |
||
| 999 |
_c33886 _d33886 |
||